000 00595nam a22002057a 4500
003 OSt
005 20221006193735.0
008 221006b |||||||| |||| 00| 0 eng d
020 _a2-86847-409-8
040 _cBiblioteca Lado V
082 _a701.18
_bD961e
100 _9101
_aDurham, Jimmie
_eautor
245 _aExperiences du Divers/
260 _aFrancia
_bUniversitaires de Rennes
_c2000
300 _a151p.
_c17x23cm
700 _aHanayo
_ecoautor
700 _aSamba, Cheri
_ecoautor
700 _aTaniuchi, Tsuneko
_ecoautor
942 _2ddc
_c1
_h701.18
_iD961e
_n0
999 _c2212
_d2212